Normal view
MARC view
Entry Personal Name
001 - CONTROL NUMBER
- control field: 23000
003 - CONTROL NUMBER IDENTIFIER
- control field: OSt
005 - DATE AND TIME OF LATEST TRANSACTION
- control field: 20211105134715.0
008 - FIXED-LENGTH DATA ELEMENTS
- fixed length control field: 211105|| aca||aabn | a|a d
040 ## - CATALOGING SOURCE
- Original cataloging agency: OSt
- Transcribing agency: OSt
100 ## - HEADING--PERSONAL NAME
- Personal name: Martellucci, S., ed
670 ## - SOURCE DATA FOUND
- Source citation: Work cat.: (OSt): International School of Quantum Electronics on Diffractive Optics and Optical Microsyste Italy 1996 Nov. 14-24 22997, Diffractive optics and optical microsystems, 1997